| 000 | 00429nam a2200181Ia 4500 | ||
|---|---|---|---|
| 001 | 8239 | ||
| 005 | 20260306160554.0 | ||
| 008 | 260306t2007||||xx |||||||||||||| ||spa|| | ||
| 041 | _aESP | ||
| 082 |
_a370.15 _bT33 T. 2 |
||
| 100 |
_aTejada Fernández, José (coord.) _eAUT |
||
| 245 | 0 | _aFormación de formadores | |
| 260 | _c2007 | ||
| 300 |
_apágs. : _ccm. |
||
| 650 | _aGEN | ||
| 654 | _aCED | ||
| 942 |
_cLIB _dJUS _fJUS _2ddc _n |
||
| 999 |
_c8239 _d8239 |
||